000 00385nam a22001337a 4500
020 _a9788177581232
082 _222
_a620.120
100 _aSharma, Irving H. Hao, G. Krishna Mohana.
245 _aEngineering Machanics :
_bstatics and dynamics /
250 _a4 th.
260 _aNew Delhi,
_bPerson education,
_cc2009.
300 _axviii,840 p. ;
_bill. ;
_c23 cm.
942 _2ddc
_cMEC
_012
999 _c1997
_d1997